| 000 | 00713nam a2200241 a 4500 | ||
|---|---|---|---|
| 005 | 20210219152847.0 | ||
| 008 | 991125n 000 0 eng u | ||
| 035 | _aUPN01000063625 | ||
| 100 | _aMonaghan, Peter | ||
| 222 | _aCHRONICLE OF HIGHER EDUCATION | ||
| 245 | _aA all-out effort to improve the quality of undergraduate life | ||
| 300 | _aA25-26 | ||
| 362 | _a1993 39, No. 24 | ||
| 505 | _aJulio 1993 | ||
| 653 | 0 | _aACTIVIDADES FUERA DE PROGRAMA | |
| 653 | 0 | _aAMBIENTE ESCOLAR | |
| 653 | 0 | _aEXPERIENCIAS DEL ESTUDIANTE | |
| 653 | 0 | _aRELACION ESTUDIANTE-COLEGIO | |
| 653 | 0 | _aSCHOOL HOLDING POWER | |
| 653 | 0 | _aSERVICIOS PERSONALES A ESTUDIANTES | |
| 904 |
_aAC _b001436 |
||
| 905 | _aArticulo | ||
| 999 |
_c62236 _d62236 |
||